000 01425cam a2200289 4500
003 BJBSDDR
005 20240410151520.0
007 ta
008 060907s2020 fr fre
020 _a9782715403178
020 _a2715403178
040 _bspa
_cBJBSDDR
041 _afre
049 _aGRAL
050 1 4 _aP 90
_bS522c 2020
100 1 _aSfez, Lucien,
_d1937-
_93344
245 1 3 _aLa communication /
_cLucien Sfez.
250 _a10e edition
260 _aParis :
_bPresses Universitaires de France,
_c2020
300 _a127 pages ;
_c18 cm.
440 0 _aQue sais-je?
_pSociété
_vn. 2567
_934880
520 _aLa communication envahit tous les domaines : communication d'entreprise, marketing politique, pages « communication » de nos journaux, technocommunication, psychothérapies de groupe pour apprendre à « communiquer », etc. En soi, communiquer ne veut rien dire. Il y a en revanche des théories, des pratiques et des techniques de la communication que cet ouvrage expose et discute. Représentative, expressive ou confondante : les formes de la communication y sont décrites ainsi que les idéologies qui les portent afin de permettre à chacun de décrypter ce phénomène fondamental de nos sociétés contemporaines."--page 4 de la couverture
650 0 _aCommunication.
650 4 _aComunicación
_91955
650 4 _aMedios de comunicación social
_91673
942 _2lcc
_cBK
999 _c120980
_d120980